[Event "GER-ch U25-C"]
[Site "Willingen"]
[Date "2023.06.02"]
[Round "8"]
[White "Knudsen, Finn Luca"]
[Black "Hendricks, Ole"]
[Result "0-1"]
[WhiteElo "967"]
[BlackElo "1263"]
[PlyCount "78"]
[EventDate "2023.05.27"]
[EventType "swiss"]
[EventRounds "9"]
[EventCountry "GER"]
[SourceTitle "CBM 214 Extra"]
[Source "ChessBase"]
[SourceDate "2023.07.31"]
[SourceVersion "1"]
[SourceVersionDate "2023.07.31"]
[SourceQuality "1"]

1. e4 e5 2. Nf3 Nc6 3. Bc4 Bc5 4. c3 Nf6 5. d4 exd4 6. cxd4 Bb4+ 7. Bd2 Nxe4 8. Bxb4 Nxb4 9. 0-0 d5 10. Bd3 Nxd3 11. Qxd3 0-0 12. Re1 Bf5 13. Nbd2 Nxd2 14. Qxf5 Nxf3+ 15. Qxf3 c6 16. Rac1 Re8 17. Kf1 Qd7 18. Re2 Rxe2 19. Qxe2 Re8 20. Qd2 Qd6 21. Re1 Rxe1+ 22. Qxe1 Kf8 23. g3 c5 24. Qe3 c4 25. a4 a6 26. h3 b5 27. axb5 axb5 28. b3 b4 29. bxc4 Qa6 30. Qe5 Qxc4+ 31. Kg2 h6 32. Qd6+ Kg8 33. Qd8+ Kh7 34. Qd7 Qc2 35. g4 b3 36. Qxd5 b2 37. Qxf7 b1Q 38. g5 Qe4+ 39. Kg3 Qg1# 0-1